Normal view MARC view
  • Arte

Entry Materia

Number of records used in: 83

001 - NÚMERO DE CONTROL DEL REGISTRO

  • campo de control: 2457

003 - IDENTIFICADOR DE NUMERO DE CONTROL

  • campo de control: UPN

005 - FECHA Y HORA DE LA ÚLTIMA TRANSACCIÓN

  • campo de control: 20240909165800.0

008 - DATOS DE LONGITUD FIJA

  • campo de control de longitud fija: 220525nn acannaabn n ana d

035 ## - NÚMERO DE CONTROL DEL SISTEMA

  • Número de control del sistema: UPN10000002457

040 ## - FUENTE DE LA CATALOGACIÓN

  • Lengua de catalogación: SPA
  • Agencia de transcripción: UPN
  • Centro catalogador de origen: UPN

046 ## - FECHAS CON CODIFICACIÓN ESPECIAL

  • Fecha final para contenidos agregados: 2022

150 ## - ENCABEZAMIENTO - TEMÁTICO

  • Término de materia o nombre geográfico como elemento inicial: Arte

360 ## - REFERENCIA COMPLEJA DE VÉASE ADEMÁS - MATERIA

  • Texto explicativo: Subdivisión de
  • Encabezamiento al que se remite: ARTE
  • Texto explicativo: bajo encabezamientos especiales. Ej.:
  • Encabezamiento al que se remite: CHIPPEWAS - ARTE ; INDIOS DE MEXICO - ARTE ; SANTOS - ARTE

670 ## - FUENTE EN LA QUE SE LOCALIZARON DATOS

  • Cita de la fuente: E

902 ## - CATALOGADOR

  • Catalogador: CAA/050996